000 00369nam a2200145Ia 4500
005 20250626020835.0
008 240331s9999 xx 000 0 und d
082 _bROY
_a360
100 _aRoy,A
245 0 _aParikalpanaye awasanaya
260 _aColombo
_bSocial Scientist Association
_c1999
300 _a33 p .,
500 _aA book on End of Imagination
942 _cL
999 _c5090
_d5090